Krakói Házi, és Irni - való Kalendariom
| Format: | Serial |
|---|---|
| Language: | English |
| Published: |
Posonyban
[s.n.]
|
MARC
| LEADER | 00000nas a2200000 a 4500 | ||
|---|---|---|---|
| 001 | vtls009449950 | ||
| 003 | SK-MaSNL | ||
| 005 | 20260221124711.0 | ||
| 008 | 081127c mr1 0 0eng d | ||
| 040 | |a SNK |b slo |c SNK | ||
| 245 | 0 | 0 | |a Krakói Házi, és Irni - való Kalendariom |
| 260 | |a Posonyban |b [s.n.] | ||
| 500 | |a Popis podľa : 1730 | ||
| 910 | |a snk | ||
| 999 | |c 12605 |d 14535 | ||
| 952 | |0 0 |1 0 |3 rekatalogizácia |4 0 |7 0 |8 5 |a SNK |b SNK |d 2008-11-27 |i snkF 949/72 |l 0 |o snkČSD 690/1730 |p 17A0603019 |r 2026-02-21 21:12:39 |w 2026-02-21 |y PREZ | ||
| 952 | |0 0 |1 0 |4 0 |7 0 |8 5 |a SNK |b SNK |d 2008-11-27 |i snkF 950/72 |l 0 |o snkČSD 690/1731 |p 17A0603018 |r 2026-02-21 21:12:39 |w 2026-02-21 |y PREZ | ||


